Sahib Foods Ltd (in liquidation) v Paskin Kyriakides Sands (a firm) (Record no. 74032)

MARC details
000 -LEADER
fixed length control field 01747cab a2200229 4500
001 - CONTROL NUMBER
control field ABS67366
008 - FIXED-LENGTH DATA ELEMENTS--GENERAL INFORMATION
fixed length control field 040107n2003 000 0 eng u
035 ## - SYSTEM CONTROL NUMBER
System control number (Sirsi) u124741
245 ## - TITLE STATEMENT
Title Sahib Foods Ltd (in liquidation) v Paskin Kyriakides Sands (a firm)
260 ## - PUBLICATION, DISTRIBUTION, ETC.
Date of publication, distribution, etc. 2003
490 ## - SERIES STATEMENT
Series statement Construction Industry Law Letter
Volume/sequential designation [2003] CILL 2074-2077(4)
520 ## - SUMMARY, ETC.
Summary, etc. [2003] EWCA Civ 1832, 19 December 2003. Appeal by appellant firm of architects PKS against HC decision ([2003] EWHC 142 (TCC), X121971) concerning PKS's liability for a fire which destroyed most of a food factory belonging to claimant (S). PKS argued that the judge was wrong to hold that they were negligent or in breach of contract or duty for failing to exercise reasonable care and skill in order to prevent the spread of fire. Alternatively, PKS argued that if in principle, they were liable, the judge was wrong to ignore S's admitted fault for starting the fire and for S's part in the spread of the fire which should have been reflected in an apportionment of damage under the Law Reform (Contributory Negligence) Act 1945 s1. "Held": appeal allowed in part. PKS's liability for fire upheld but S was held to be guilty of contributory negligence. Therefore, the damages recoverable by S from P were reduced by two-thirds. View decision at www.bailii.org.
590 ## - LOCAL NOTE (RLIN)
Local note ABS
650 ## - SUBJECT ADDED ENTRY--TOPICAL TERM
Topical term or geographic name entry element SAHIB FOODS LTD AND ANOTHER V PASKIN KYRIAKIDES SANDS
650 ## - SUBJECT ADDED ENTRY--TOPICAL TERM
Topical term or geographic name entry element CONTRIBUTORY NEGLIGENCE
650 ## - SUBJECT ADDED ENTRY--TOPICAL TERM
Topical term or geographic name entry element APPORTIONMENT
650 ## - SUBJECT ADDED ENTRY--TOPICAL TERM
Topical term or geographic name entry element LIABILITY
650 ## - SUBJECT ADDED ENTRY--TOPICAL TERM
Topical term or geographic name entry element DUTY OF CARE
690 ## - LOCAL SUBJECT ADDED ENTRY--TOPICAL TERM (OCLC, RLIN)
Topical term or geographic name as entry element PROFESSIONAL PRACTICE-NEGLIGENCE-CASE LAW
856 ## - ELECTRONIC LOCATION AND ACCESS
Uniform Resource Identifier <a href="https://www.bailii.org/cgi-bin/markup.cgi?doc=/ew/cases/EWCA/Civ/2003/1832.html">https://www.bailii.org/cgi-bin/markup.cgi?doc=/ew/cases/EWCA/Civ/2003/1832.html</a>
Public note View judgment on the BAILII website...
942 ## - ADDED ENTRY ELEMENTS (KOHA)
Suppress in OPAC 0
Holdings
Withdrawn status Lost status Source of classification or shelving scheme Damaged status Not for loan Home library Current library Shelving location Date acquired Total Checkouts Full call number Barcode Date last seen Copy number Price effective from Koha item type
    Dewey Decimal Classification     London London Journal article 07/01/2004   ABS67366 124741-1001 06/08/2019 1 06/08/2019 Law report